Statistics for NCAA College Teams by State: Louisiana

Click here to take the quiz!

General Stats

  • This quiz has been taken 33 times
    (20 since last reset)
  • The average score is 10 of 13

Answer Stats

% Correct
Division I-ALSUTigers
100%
Division I-ALouisianaRagin' Cajuns
94%
Division I-ATulaneGreen Wave
94%
Division I-ALouisiana-MonroeWarhawks
88%
Division I-ALouisiana TechBulldogs
76%
Division I-AANew OrleansPrivateers
76%
Division I-AASouthernJaguars
76%
Division I-AANorthwestern StateDemons
71%
Division I-AAMcNeeseCowboys
65%
Division I-AASoutheastern LouisianaLions
65%
Division I-AAGrambling StateTigers
59%
Division I-AANichollsColonels
53%
Division IIICentenary CollegeGentlemen
41%

Score Distribution

Percentile by Number Answered

Percent of People with Each Score

Your Score History

You have not taken this quiz since the last reset